Sextuple Fast Typing A to Z - 30 Second Sprint - Statistics

General Stats
  • This quiz has been taken 453 times
  • The average score is 80 of 156
Answer Stats
letter % Correct
a
100%
b
96%
c
95%
d
95%
e
95%
f
95%
g
94%
h
94%
i
93%
j
92%
k
91%
l
91%
m
91%
n
91%
o
91%
p
91%
q
91%
r
90%
s
90%
t
90%
u
90%
v
88%
w
88%
x
88%
y
87%
z
86%
A
85%
B
84%
C
84%
D
82%
E
82%
F
82%
G
82%
H
81%
I
81%
J
80%
K
78%
L
78%
M
78%
N
78%
O
77%
P
77%
Q
77%
R
75%
S
75%
T
74%
U
74%
V
73%
W
72%
X
70%
Y
70%
Z
70%
A
68%
B
68%
C
67%
D
67%
E
66%
F
66%
G
65%
H
65%
I
65%
J
65%
K
65%
L
65%
M
65%
N
64%
O
63%
P
63%
Q
62%
R
59%
S
59%
T
59%
U
59%
V
58%
W
55%
X
55%
Y
54%
Z
53%
A
52%
B
51%
C
49%
D
46%
E
46%
F
45%
G
45%
H
45%
I
45%
J
44%
K
44%
L
43%
M
42%
N
42%
O
42%
P
41%
Q
39%
R
38%
S
38%
T
37%
U
36%
V
36%
W
34%
X
33%
Y
32%
Z
31%
A
30%
B
30%
C
28%
D
28%
E
28%
F
27%
G
26%
H
26%
I
25%
J
25%
K
25%
L
24%
M
23%
N
23%
O
22%
P
22%
Q
20%
R
20%
S
19%
T
19%
U
19%
V
18%
W
18%
A
17%
X
17%
Y
17%
Z
17%
B
16%
C
16%
D
16%
E
16%
F
15%
G
14%
H
14%
I
14%
J
13%
K
13%
L
13%
M
13%
N
12%
O
12%
P
11%
Q
11%
R
11%
S
11%
T
11%
U
11%
V
11%
W
11%
X
11%
Y
9%
Z
9%
No matching quizzes found
Score Distribution
Percent of People with Each Score
Percentile by Number Answered
Your Score History
You have not taken this quiz